Técnicas de aprendizaje y estudio: aprender en la escuela
Saved in:
| Hovedforfatter: | |
|---|---|
| Format: | Bog |
| Sprog: | spansk |
| Udgivet: |
Barcelona
Graó
1994
|
| Udgivelse: | 1a. ed |
| Serier: | Colección el Lápiz, 8
|
| Fag: | |
| Tags: |
Tilføj Tag
Ingen Tags, Vær først til at tagge denne postø!
|
MARC
| LEADER | 00000nam a2200000 a 4500 | ||
|---|---|---|---|
| 001 | UCT8323 | ||
| 003 | CL-VaPUC | ||
| 008 | 970326e19940000SP |||||||||||||||||spa|d | ||
| 020 | |a 8478270981 | ||
| 082 | 0 | 4 | |a 370.152 |b NOG |2 21 |
| 100 | |a Noguerol, Artur |e autor |9 490868 | ||
| 245 | 1 | 0 | |a Técnicas de aprendizaje y estudio: aprender en la escuela |
| 250 | |a 1a. ed | ||
| 300 | |a 187 p | ||
| 942 | |c BK | ||
| 945 | |d 19970326 00:00:00 |a nastorga | ||
| 260 | |a Barcelona |b Graó |c 1994 | ||
| 650 | 0 | |a Aprendizaje |9 254827 | |
| 650 | 0 | |a Métodos de enseñanza |9 270413 | |
| 650 | 0 | |a Escuelas |9 308582 | |
| 650 | 0 | |a Currículo |9 307290 | |
| 583 | |a last modification |c 19970326 00:00:00 |k Rodrigo Vera | ||
| 490 | 0 | |a Colección el Lápiz, 8 | |
| 999 | |c 256833 |d 256831 | ||
| 952 | |0 0 |1 0 |4 0 |6 370_152000000000000_NOG_1994 |7 0 |8 A |9 279840 |a BIBEDU |b BIBEDU |d 2019-11-19 |i 3293599 |o 370.152 NOG 1994 |p 3293599 |r 2019-11-19 |w 2019-11-19 |y BK |k EPE | ||
| 952 | |0 0 |1 0 |4 0 |6 370_152000000000000_NOG_1994 |7 0 |8 A |9 279841 |a BIBEDU |b BIBEDU |d 2019-11-19 |i 3300668 |o 370.152 NOG 1994 |p 3300668 |r 2019-11-19 |w 2019-11-19 |y BK |k EPE | ||
| 952 | |0 0 |1 0 |4 0 |6 370_152000000000000_NOG_1994 |7 0 |8 A |9 279842 |a BIBEDU |b BIBEDU |d 2019-11-19 |i 3303209 |o 370.152 NOG 1994 |p 3303209 |r 2019-11-19 |w 2019-11-19 |y BK |k EDU | ||
| 952 | |0 0 |1 0 |4 0 |6 370_152000000000000_NOG_1994 |7 0 |8 A |9 279843 |a FDOPOS |b FDOPOS |d 2019-11-19 |i 3308626 |o 370.152 NOG 1994 |p 3308626 |r 2025-01-22 |w 2019-11-19 |y BK |k MLA | ||
| 952 | |0 0 |1 0 |4 0 |6 370_152000000000000_NOG_1994 |7 0 |8 A |9 279844 |a BIBEDU |b BIBEDU |d 2019-11-19 |i 3348709 |o 370.152 NOG 1994 |p 3348709 |r 2019-11-19 |w 2019-11-19 |y BK |k LIT | ||
| 952 | |0 0 |1 0 |4 0 |6 370_152000000000000_NOG_1994 |7 0 |8 A |9 279845 |a BIBEDU |b BIBEDU |d 2019-11-19 |i 3455440 |l 1 |o 370.152 NOG 1994 |p 3455440 |r 2023-04-12 |s 2023-04-12 |w 2019-11-19 |y BK |k LIT | ||